000
00306nam a2200121Ia 4500
008
240624s9999 xx 000 0 und d
041
_a
eng
082
_a
828 REA
100
_a
READERS DIGEST
245
_a
READERS DIGEST SELECT EDITIONS
260
_c
2007
_a
Readers Digest,2007
300
_a
598 : p. : cm. ; 20
999
_c
5351
_d
5351